LEADER 01274nam a2200277 i 4500 001 000000040367 003 CaOOAMICUS 005 20090713000000.0 008 090713s1937 xx u000 u lat u 013 $a11537 040 $aSeMil$bita 245 10$aPer la storia degli eretici italiani del secolo 16. in Europa /$ctesti raccolti da D. Cantimori e E. Feist. 260 $aRoma :$bReale Accademia d'Italia,$c1937. 300 $a432 p. ;$c26 cm. 490 0 $aReale Accademia d'Italia. Studi e documenti ;$v7 500 $aDono di mons. Antonio Rimoldi. 650 4$aProtestantesimo.$0(OLS)http://semarc/subject/936 650 4$aRiforma protestante.$0(OLS)http://semarc/subject/4876 700 1 $aFeist, Elisabeth.$0(OLS)http://semarc/name/19737 700 1 $aCantimori, Delio,$d<1904-1966>.$0(OLS)http://semarc/name/7489 830 0$aReale Accademia d'Italia. Studi e documenti ;$v7.$0(OLS)http://semarc/title/21865 850 $aSeMil 852 $aSeMil$W1$xVenegono$y1$m3C VI 64$j6522$B6522$CSeMilBibl$Z2$F6522 $81 961 $aOmaggio: Rimoldi mons. Antonio 996 $6245$aPer la storia degli eretici italiani del secolo 16. in Europa$9(OLS)http://semarc/title/57945 996 $6260$aRoma :$bReale Accademia d'Italia$9(OLS)http://semarc/publisher/33598 LEADER 01060nam a2200217 i 4500 001 000000046517 003 CaOOAMICUS 005 20120628000000.0 008 120628s1899 xx u000 u fre u 013 $a17687 040 $aSeMil$bita 100 1 $aCoubé, Stéphen,$c.$0(OLS)http://semarc/name/23137 245 13$aLa communion hebdomadaire :$bdiscours prononcé au Congrès eucharistique de Lourdes dans l'église du Rosaire, les 8, 9 et 10 août 1899 /$cR. P. Coubé. 260 $aParis :$bVictor Retaux,$c1899. 300 $a248 p. ;$c19 cm. 650 4$aEucaristia.$0(OLS)http://semarc/subject/3487 650 4$aMessa - Comunione.$0(OLS)http://semarc/subject/6078 850 $aSeMil 852 $aSeMil$W1$xVenegono$y1$m2C II 50 FA$j12672$B12672$CSeMilBibl$Z2$F12672 $8I 996 $6245$aLa communion hebdomadaire :$bdiscours prononcé au Congrès eucharistique de Lourdes dans l'église du Rosaire, les 8, 9 et 10 août 1899$9(OLS)http://semarc/title/69575 996 $6260$aParis :$bVictor Retaux$9(OLS)http://semarc/publisher/39278